Detalles MARC
| 000 -LIDER |
| fixed length control field |
01032nam a22002897a 4500 |
| 001 - NÚMERO DE CONTROL |
| Identificador de número de control |
000691 |
| 003 - IDENTIFICACDOR DE NÚMERO DE CONTROL |
| control field |
DO-SdBNP |
| 005 - DATE AND TIME OF LATEST TRANSACTION |
| control field |
20240916134111.0 |
| 007 - CAMPOS FIJOS DE DESCRIPCIÓN FÍSICA |
| fixed length control field |
000691 |
| 008 - ELEMENTOS DE LONGITUD FIJA |
| fixed length control field |
151217b1990 sp c 00| 0 spa d |
| 020 ## - ISBN |
| International Standard Book Number |
8432126233 |
| 040 ## - FUENTE DE CATALOGACIÓN |
| Agencia que crea de manera original el registro |
BPMSU |
| Idioma de catalogación |
spa |
| Agencia que realiza la transcripción |
BPMSU |
| 082 #4 - NÚMERO DE CLASIFICACIÓN DECIMAL DE DEWEY |
| Classification number |
591.7 |
| Item number |
V648i 1990 |
| Edition number |
22 |
| 245 03 - MENCIÓN DE TITULO |
| Título |
vida íntima de los animales, del río y del estanque |
| 246 14 - VARIACION DEL TÍTULO |
| Título propiamente dicho o título corto |
La vida intima de los animales, del río y del estanque : |
| Subtítulo |
una visión original e inédita de las costumbres, problemas y recursos de los animales que habitan en estos ambientes |
| 260 ## - PUBLICACIÓN, DISTRIBUCIÓN, ETC. (PIE DE IMPRENTA) |
| Lugar de publicación, distribución, etc |
Barcelona : |
| Nombre del editor, distribuidor, etc. |
Auriga, |
| Fecha de publicación, distribución, etc |
1990 |
| 300 ## - DESCRIPCIÓN FÍSICA |
| Extensión |
vs. : |
| Otros detalles físicos |
ils. ; |
| Dimensiones |
30 cm. |
| 490 0# - MENCIÓN DE SERIES |
| Mención de serie |
Auriga. Ciencia |
| 505 ## - NOTA DE CONTENIDO |
| Texto normalizado de contenido |
v. 4 : Del río y del estanque -- v.1 : De la prehistoria. |
| 590 ## - NOTA LOCAL |
| Texto de la nota local |
Inventariado, 2024/VM |
| 650 #4 - ENCABEZAMIENTO DE MATERIA--TEMÁTICO |
| Término temático o nombre geográfico como elemento de entrada |
Conducta animal |
| Subdivisión temática general |
América del Sur |
| 650 #4 - ENCABEZAMIENTO DE MATERIA--TEMÁTICO |
| Término temático o nombre geográfico como elemento de entrada |
Animales |
| Subdivisión temática general |
Fisiología |
| 650 #4 - ENCABEZAMIENTO DE MATERIA--TEMÁTICO |
| Término temático o nombre geográfico como elemento de entrada |
Animales |
| Subdivisión temática general |
Hábitos y conducta |
| 710 2# - ASIENTO SECUNDARIO -- NOMBRE CORPORATIVO |
| Nombre corporativo o de jurisdicción |
Disney Enterprises. |
| 910 ## - VALIDACIÓN |
| Validación |
VMateo V. Control de calidad. BPMSU |
| 942 ## - ADDED ENTRY ELEMENTS (KOHA) |
| Source of classification or shelving scheme |
Dewey Decimal Classification |
| Koha item type |
Libros |